000 00463cam a22001934a 4500
005 20250605164301.0
008 250528s ||||||||||||||||||||||||d
035 _a22097
020 _a9781446273142
040 _aGR-AtMCL
_bgre
_dGR-AtMCL
_eAACR2
245 1 _aBECOMING A TEACHER OF READING
250 _a1
260 _bSage Publications,
_c2015
300 _a250
700 1 _aPerkins Margaret
_97972
942 _cBK
999 _c7153
_d7153